House decoration (Record no. 106689)

MARC details
000 -LEADER
fixed length control field 00917cam a2200241 4500
001 - CONTROL NUMBER
control field L137209
008 - FIXED-LENGTH DATA ELEMENTS--GENERAL INFORMATION
fixed length control field 070322s2001 xxka f f 001 0 eng d
020 ## - INTERNATIONAL STANDARD BOOK NUMBER
International Standard Book Number 1873394497
035 ## - SYSTEM CONTROL NUMBER
System control number (Sirsi) u137209
041 0# - LANGUAGE CODE
Language code of text/sound track or separate title eng
050 04 - LIBRARY OF CONGRESS CALL NUMBER
Classification number 747 $2 22
100 1# - MAIN ENTRY--PERSONAL NAME
Personal name Hasluck, Paul Nooncree
245 00 - TITLE STATEMENT
Title House decoration
250 ## - EDITION STATEMENT
Edition statement 2001 ed.
260 ## - PUBLICATION, DISTRIBUTION, ETC.
Place of publication, distribution, etc. Shaftesbury
Name of publisher, distributor, etc. Donhead Publishing Limited
Date of publication, distribution, etc. 2001
300 ## - PHYSICAL DESCRIPTION
Extent 160p.
Other physical details ill.
Dimensions 19cm.
350 ## - PRICE (NR) (BK AM CF MU VM SE) [OBSOLETE]
Price 20.00
590 ## - LOCAL NOTE (RLIN)
Local note Contains instructions for many common aspects of house decoration. The main text remains unchanged from its original 1871 publication. Contains advice on pigments and mixing paints, using varnishes and driers. Describes the use of decorating tools. Describes how to whitewash, decorate and embellish ceilings. Explains how to paint and paper rooms.
651 #4 - SUBJECT ADDED ENTRY--GEOGRAPHIC NAME
Geographic name International
690 ## - LOCAL SUBJECT ADDED ENTRY--TOPICAL TERM (OCLC, RLIN)
Topical term or geographic name as entry element Refurbishment
9 (RLIN) 6264
942 ## - ADDED ENTRY ELEMENTS (KOHA)
Suppress in OPAC 0
Holdings
Withdrawn status Lost status Source of classification or shelving scheme Damaged status Not for loan Home library Current library Shelving location Date acquired Cost, normal purchase price Total Checkouts Full call number Barcode Date last seen Copy number Cost, replacement price Price effective from Koha item type
    Dewey Decimal Classification     London London Books 11/06/2007 17.00   747 HAS 30072235 06/08/2019 2 17.00 06/08/2019 Book